Young people and African cultural values : documents of the regional meeting of Abomey, Dahomey, 2-7 December 1974.

Bibliographic Details
Corporate Author: Unesco
Format: Book
Language:English
Published: [Paris?] : Unesco, [1974?]
Series:Cultural development. Documentary dossier ; 4.
Subjects:

MARC

Tag First Indicator Second Indicator Subfields
LEADER 00000cam a2200000 a 4500
001 in00003468913
005 20151206104820.0
008 840109s1975 fr i10000 eng d
035 |a (OCoLC)ocm10279279 
040 |a UIU  |c UIU  |d TNY  |d UtOrBLW 
043 |a f------ 
090 |a HQ799.5  |b .Y68 1974 
092 0 |a 960.3  |b Y86  |2 19 
245 0 0 |a Young people and African cultural values :  |b documents of the regional meeting of Abomey, Dahomey, 2-7 December 1974. 
264 1 |a [Paris?] :  |b Unesco,  |c [1974?] 
300 |a 142 pages ;  |c 21 cm. 
336 |a text  |b txt  |2 rdacontent 
337 |a unmediated  |b n  |2 rdamedia 
338 |a volume  |b nc  |2 rdacarrier 
490 1 |a Cultural development. Documentary dossier ;  |v 4 
651 0 |a Africa  |x Civilization. 
650 0 |a Young adults  |z Africa  |x Attitudes. 
650 0 |a Values. 
650 0 |a Culture. 
710 2 |a Unesco. 
830 0 |a Cultural development.  |p Documentary dossier ;  |v 4. 
999 |a MARS 
999 f f |s 0e44fb34-18cf-3329-8b4e-3847eb5974e5  |i 6b120730-cb56-3211-9f8e-ea6d2bd3f89b  |t 0 
952 f f |p ric  |a Texas A&M University  |b Rellis Campus  |c Joint Library Facility  |d Remote Storage  |t 0  |e HQ799.5 .Y68 1974  |h Library of Congress classification  |i unmediated -- volume  |m 32060004289662 
998 f f |a HQ799.5 .Y68 1974  |t 0  |l Remote Storage